000 00591nam a2200229Ia 4500
003 OSt
005 20220918175709.0
006 a|||||r|||| 00| 0
007 ta
008 220917b |||||||| |||| 00| 0 eng d
024 _a18,577
037 _cTextual
040 _aARTS
_cARTS
_beng
041 _2eng
_aeng
082 _aO:1J72x, J2 (TTO)
100 _aDonne John
_941152
245 0 _aDrive poems ed and comm by Helen Gardner
260 _c1952
650 _aENGLISH LITERATURE
942 _hO:1J72x, J2 (TTO)
_cTEXL
_2CC
999 _c158678
_d158678